00337nam a2200121 a 4500008004100000050001600041100002400057245002500081246004700106260004000153300001300193350000900206120416s1978 ||||||||||||||||| || u aHF 5549 Mil aMiller, M. Lawrence10aBehaviour management athe new science of managing people at work aNew YorkbJohn Wiley and Sonsc1978 ax, 404p. a0.00